| 000 | 00363nam a22001577a 4500 | ||
|---|---|---|---|
| 003 | SGT | ||
| 020 | _a9789353065799 | ||
| 082 | _a153.4,MUR | ||
| 100 | _aMURPHY, SAMUEL.T. | ||
| 245 | _aPYCHOLOGICAL TESTING :PRINCIPLES AND APPLICATIONS | ||
| 250 | _a6TH | ||
| 260 |
_aNOIDA _bPEARSON _c2019 |
||
| 300 | _a436 | ||
| 650 | _aPSYCHOLOGY | ||
| 942 |
_2ddc _cBK _04 |
||
| 999 |
_c20808 _d20808 |
||